书目信息 |
| 书名: | 句法学:最简方案导论 | |
| 作者: | Andrew Radford. | |
| 分册号: | [专著] / | |
| 分册名: | 出版地: | 北京 : |
|
| 出版社: | 外语教学与研究出版社 | |
| 出版时间: | 2000. | |
| 页数: | 288页 ; | |
| 开本: | 23cm. | |
| 丛书名: | 当代国外语言学与应用语言学文库 | |
| 中图分类号: | ||
| 科图分类号: | ||
| 其他分类号: | H04 | |
| 主题词: | ||
| 电子资源: | ||
| 000 | 00663nam 2200229 a 4500 | |
| 001 | E0732227056 | |
| 005 | 20070819085730.01 | |
| 008 | 010509d2000 ch 0 chi0 | |
| 020 | @a7-5600-1960-9 :@cCNY26.90. | |
| 041 | @aeng | |
| 090 | @aH043 @v4 | |
| 090 | @aH04 | |
| 099 | @dH04@ex140 | |
| 100 | 1 | @aRadford @cA. @4著 |
| 245 | 10 | @a句法学:最简方案导论@h[专著] / @cAndrew Radford. |
| 246 | 1 | @aSyntax:A Minimalist Introduction |
| 260 | 1 | @a北京 :@b外语教学与研究出版社,@c2000. |
| 300 | @a288页 ;@c23cm. | |
| 440 | 0 | @a当代国外语言学与应用语言学文库 |
| 650 | 04 | @a句法 |
| 650 | 04 | @a句法 @x基本知识 |
| 700 | 1 | @a顾阳 @4导读 @c00 @u20021005 @c60 @u20040625 |
| 句法学:最简方案导论 [[专著] / ] / Andrew Radford.-北京 : : 外语教学与研究出版社, , 2000. |
| 288页 ; ; 23cm.- (当代国外语言学与应用语言学文库 ) |
| ISBN 7-5600-1960-9 :CNY26.90. |
| ● |
| 相关链接 |
|
|
|
|
正题名:句法学:最简方案导论
索取号:H04/x140
 
预约/预借
| 序号 | 登录号 | 条形码 | 馆藏地/架位号 | 状态 | 备注 |
| 1 | 0016736 | 300167361 | 第二样本阅览室/ [索取号:H04/x140] | 在馆 | |
| 2 | 0016737 | 300167370 | 第四借阅区/ [索取号:H04/x140] | 在馆 | |
| 3 | 0016738 | 300167389 | 第四借阅区/ [索取号:H04/x140] | 在馆 | |
| 4 | 0016739 | 300167398 | 第四借阅区/ [索取号:H04/x140] | 在馆 | |
| 5 | 0016740 | 300167405 | 第四借阅区/ [索取号:H04/x140] | 在馆 |